| 000 | 00476nam a2200169 4500 | ||
|---|---|---|---|
| 001 | 126891 | ||
| 003 | ES-MaACL | ||
| 005 | 20230906192911.0 | ||
| 007 | t| | ||
| 008 | 070214s1939 po r ||||1| por d | ||
| 100 | 1 |
_aRibeiro, Herlandér. _996754 |
|
| 245 | 1 | 0 |
_aAlma judía / _cHerlandér Ribeiro. |
| 250 | _aEd. portuguesa. | ||
| 260 |
_aLisboa : _b[s. n.], _c1939 ( _fTip. A. Comercial) |
||
| 300 |
_a222 p., 1 lám. = retr. aut. ; _c25 cm. |
||
| 852 |
_aES-MaACL _jD-7159 |
||
| 999 |
_c126891 _d126891 |
||